[Event "Bad Woerishofen op"]
[Site "Bad Woerishofen"]
[Date "2001.??.??"]
[Round "5"]
[White "Schaefer, Michael"]
[Black "Krotofil, Kurt"]
[Result "1/2-1/2"]
[WhiteElo "2208"]
[BlackElo "2137"]
[Annotator "ChessOrg"]
[PlyCount "58"]
[EventDate "1998.03.05"]
[Source "ChessBase"]
[SourceDate "1998.04.29"]

1. d4 {D49: Damengambit (Meraner Variante)} 1... d5 2. c4 c6 3. Nc3 e6 4. e3
Nf6 5. Nf3 Nbd7 6. Bd3 dxc4 7. Bxc4 b5 8. Bd3 a6 9. e4 c5 10. e5 cxd4 11. Nxb5
Nxe5 12. Nxe5 axb5 13. Bxb5+ Bd7 14. Nxd7 Qa5+ 15. Bd2 Qxb5 16. Nxf8 Rxf8 17.
a4 Qc4 18. b3 Qd3 19. Qb1 Qxb1+ 20. Rxb1 20... Nd5 {letzter Buchzug} 21. Ke2
Kd7 22. Kd3 e5 23. Rhc1 Rfb8 24. Rc4 Rb7 25. a5 Rb5 26. Ra4 Rc8 27. Rc4 (27. a6
$5 $16) 27... Rcb8 28. Ra4 Rc8 (28... Rxb3+ $2 29. Rxb3 Rxb3+ 30. Kc4 Nb6+ 31.
Kxb3 Nxa4 32. Kxa4 $18) 29. Rc4 (29. a6 $5 $16) 29... Rcb8 $11 1/2-1/2

[Event "Bad Woerishofen op"]
[Site "Bad Woerishofen"]
[Date "2001.??.??"]
[Round "7"]
[White "Schaefer, Michael"]
[Black "Wallhof, Dieter"]
[Result "1/2-1/2"]
[WhiteElo "2208"]
[BlackElo "2061"]
[Annotator "ChessOrg"]
[PlyCount "89"]
[EventDate "1998.03.05"]
[Source "ChessBase"]
[SourceDate "1998.04.29"]

1. d4 {D36: Damengambit (Abtauschvariante)} 1... Nf6 2. c4 e6 3. Nc3 d5 4. cxd5
exd5 5. Bg5 Be7 6. e3 O-O 7. Bd3 c6 8. Qc2 Nbd7 9. Nf3 Re8 10. O-O h6 11. Bf4
11... Bb4 {letzter Buchzug} 12. a3 Bxc3 13. bxc3 Nf8 14. h3 g5 15. Bg3 Ne4 16.
Bh2 Bf5 (16... Qe7 17. c4 $11) 17. Ne5 Be6 (17... Bc8 18. f3 Nd6 19. Rfe1 $11)
18. Rab1 f6 19. Ng4 h5 20. Nh6+ (20. f3 hxg4 21. fxe4 Qe7 22. hxg4 22... dxe4
$11) 20... Kg7 $11 21. f3 (21. Bxe4 $143 21... dxe4 22. Rxb7+ 22... Kxh6 $17)
21... Nd6 22. Nf5+ (22. f4 Kxh6 23. fxg5+ 23... fxg5 $14) 22... Bxf5 23. Bxf5
b5 24. e4 (24. Bxd6 Qxd6 25. e4 dxe4 26. fxe4 26... Qxa3 $11) 24... Nxf5 25.
exf5 a6 (25... Qe7 26. f4 g4 27. hxg4 hxg4 28. Qd1 Qe3+ 29. Rf2 $15) 26. h4 (
26. f4 $5 $14 $142) 26... gxh4 $15 27. Qf2 Qd7 28. Qxh4 Qxf5 29. Qg3+ Kh8 30.
Rbe1 Re6 31. Rxe6 Nxe6 32. Qd6 Rg8 33. Kh1 (33. Qxc6 $5 33... Ng5 34. Kh1 $15 (
34. Qxa6 $2 34... Nxf3+ 35. Kh1 Rxg2 36. Qa8+ Kg7 37. Qb7+ 37... Kg6 $19))
33... h4 $17 34. Re1 Ng5 35. Qf4 (35. Qxc6 h3 36. Rg1 36... Ne4 $19) 35... Qxf4
36. Bxf4 h3 (36... Kh7 37. Re7+ Rg7 38. Re8 $15) 37. Bxg5 $15 37... Rxg5 38. g4
f5 39. Re5 Kg7 40. Kh2 Kf6 41. Re8 (41. gxf5 $5 $142 41... Rg2+ 42. Kxh3 $15)
41... fxg4 $17 42. fxg4 Rxg4 43. Rc8 Rg6 44. Rxc6+ Kg5 45. Rc5 (45. Rc7 $5
45... Kg4 46. Rh7 $19) 1/2-1/2

[Event "Bad Woerishofen op"]
[Site "Bad Woerishofen"]
[Date "2001.??.??"]
[Round "9"]
[White "Schaefer, Michael"]
[Black "Trifunovic, Dusan"]
[Result "1-0"]
[WhiteElo "2208"]
[BlackElo "2063"]
[Annotator "ChessOrg"]
[PlyCount "97"]
[EventDate "1998.03.05"]
[Source "ChessBase"]
[SourceDate "1998.04.29"]

1. d4 {D02: Damenbauernspiele} 1... d5 2. Nf3 Nc6 3. Bf4 Bg4 4. e3 4... a6 {
letzter Buchzug} 5. c4 e6 6. Nc3 Bd6 (6... Nf6 $5 $11 $142) 7. cxd5 $16 7...
exd5 8. Nxd5 Bxf4 9. Nxf4 Qd6 10. Be2 Nf6 11. O-O O-O 12. h3 Bf5 13. Nd3 Ne4
14. Rc1 Rfe8 15. Nc5 Nxc5 16. Rxc5 g6 17. Qc1 Rac8 (17... Be4 $5 $16) 18. Bxa6
$1 $18 18... Nd8 (18... bxa6 19. Rxc6 $18) 19. Be2 Ne6 20. Rc3 h5 21. Bd3 Bxd3
22. Rxd3 Qd5 23. a3 c5 24. Rc3 b6 25. dxc5 Rxc5 26. b4 Rxc3 27. Qxc3 b5 28. Rc1
Ra8 29. Qf6 Qd8 30. Qb2 Qd3 31. Rc3 Qd1+ 32. Kh2 Qd6+ 33. Kh1 Qd1+ 34. Ng1 Rd8
35. Rc1 Qd5 36. Nf3 Qd3 37. Qc3 Qf5 38. Qe5 Qd3 39. Qc3 $4 (39. Qf6 Qxa3 40.
Rc6 40... Re8 $18) 39... Qf5 40. Qe5 $4 (40. Qc2 40... Qd5 $18) 40... Qd3 41.
Qb2 Qf5 42. Kh2 Qe4 (42... Ra8 43. Rd1 $18) 43. Qf6 Qd5 (43... Qb7 $18) 44. Ne5
Rf8 (44... Qb7 45. Rc5 $1 45... Re8 46. Rxb5 $18) 45. Rc3 (45. Rc8 $1 $142
45... Qxe5+ 46. Qxe5 Rxc8 47. Qxb5 47... Kf8 $18) 45... Ng7 (45... Qd8 46. Qxd8
Rxd8 47. Kg3 $18) 46. Rc5 Qa8 (46... Qb7 47. Nc6 Kh7 48. Nd4 $18) 47. Rxb5 Qxa3
(47... Qa7 48. Ra5 Qb7 49. b5 $18) 48. Rb7 Qb3 (48... Qb2 49. Rxf7 Rxf7 50.
Qxf7+ Kh7 51. Qxg6+ Kg8 52. Qf7+ Kh7 53. Nf3 $18) 49. Nxg6 $1 (49. Nxg6 Re8 50.
Ne7+ Kh7 51. Nf5 Nxf5 52. Qxf5+ Kg8 53. Qg5+ Kh7 54. Qf6 $18) 1-0

[Event "Bad Woerishofen op"]
[Site "?"]
[Date "2001.??.??"]
[Round "1"]
[White "Schaffarth, Marianne"]
[Black "Stippekohl, Peter"]
[Result "0-1"]
[WhiteElo "1789"]
[BlackElo "2195"]
[Annotator "ChessOrg"]
[PlyCount "116"]
[EventDate "2000.??.??"]

1. e4 {B11: Caro-Kann (Zweispringer-Variante)} 1... c6 2. Nc3 d5 3. Nf3 Bg4 4.
h3 Bh5 5. d3 5... e6 {letzter Buchzug} 6. Be2 Nf6 7. O-O Be7 8. Re1 O-O 9. Ne5
Bxe2 10. Qxe2 (10. Nxe2 $143 10... Qc7 11. Bf4 11... Bd6 $17 (11... dxe4 $143
12. Ng6 Qd7 13. Nxf8 Bxf8 14. dxe4 $16)) (10. Rxe2 $6 10... d4 11. Nb1 11...
Nbd7 $11) 10... c5 11. exd5 Nxd5 12. Be3 Nxc3 13. bxc3 Nd7 14. Bf4 Bf6 15. Rab1
b6 16. Qe4 Nxe5 17. Bxe5 Bxe5 18. Qxe5 Qe7 19. Re4 Rfe8 20. Rbe1 Qf8 21. Qf4
Rad8 22. Qe3 Rd5 23. Qg3 g6 24. Re5 Red8 25. Rxd5 Rxd5 (25... exd5 26. Qe5 $11)
26. Qc7 $14 26... Qa8 27. Re5 (27. Re4 $5 $14) 27... Rd8 28. Qe7 Re8 29. Qd7
Qb8 30. f4 Kf8 31. Qc6 Qd8 32. g3 Re7 33. Kg2 Rc7 34. Qf3 Qd7 35. Qe4 (35. Re2
35... Qd5 $11) 35... Qc6 36. Qxc6 Rxc6 37. Kf3 Ke7 38. Re2 b5 39. g4 (39. c4 $5
39... bxc4 40. dxc4 $15) 39... Ra6 $17 40. d4 cxd4 41. cxd4 Rxa2 42. d5 Ra3+
43. Kg2 Kd6 44. dxe6 fxe6 45. Rd2+ Ke7 46. Re2 Kf6 47. Re5 b4 48. Rb5 a5 49. h4
Ke7 50. h5 gxh5 51. gxh5 Kf6 52. Rb7 (52. Kf2 $5 $17) 52... Rc3 $19 53. Rxh7
Rxc2+ 54. Kg3 Rc5 55. Kg4 (55. h6 $142 55... Kg6 56. Re7 Kxh6 57. Rxe6+ Kh5 58.
Kf3 $19) 55... Rb5 56. Rh6+ Kf7 57. Rh7+ Kg8 58. Re7 (58. Rc7 b3 59. Rc1 59...
b2 $19) 58... b3 (58... b3 59. Rxe6 b2 60. Re8+ Kg7 61. Re7+ 61... Kf6 $19) 0-1

[Event "Bad Woerishofen op"]
[Site "Bad Woerishofen"]
[Date "2001.??.??"]
[Round "3"]
[White "Schaffarth, Marianne"]
[Black "Reichwald, Klaus-Dieter"]
[Result "1/2-1/2"]
[WhiteElo "1789"]
[BlackElo "2018"]
[Annotator "ChessOrg"]
[PlyCount "27"]
[EventDate "1998.03.05"]
[Source "ChessBase"]
[SourceDate "1998.04.29"]

1. e4 {B08: Pirc-Ufimzew-Verteidigung} 1... d6 2. d4 Nf6 3. Nc3 g6 4. Nf3 Bg7
5. Be2 O-O 6. O-O Nbd7 7. h3 e5 8. dxe5 8... Nxe5 {letzter Buchzug} 9. Nxe5
dxe5 10. Bg5 c6 11. Qxd8 Rxd8 12. Rfd1 Be6 13. Rxd8+ Rxd8 14. Rd1 1/2-1/2

[Event "Bad Woerishofen op"]
[Site "Bad Woerishofen"]
[Date "2001.??.??"]
[Round "5"]
[White "Schaffarth, Marianne"]
[Black "Schoen, Rudolf"]
[Result "0-1"]
[WhiteElo "1789"]
[BlackElo "2010"]
[Annotator "ChessOrg"]
[PlyCount "66"]
[EventDate "1998.03.05"]
[Source "ChessBase"]
[SourceDate "1998.04.29"]

1. e4 {B11: Caro-Kann (Zweispringer-Variante)} 1... c6 2. Nc3 d5 3. Nf3 Bg4 4.
h3 Bxf3 5. Qxf3 Nf6 6. d3 e6 7. Be2 Nbd7 8. O-O Bd6 9. Bf4 {letzter Buchzug}
9... Qc7 (9... Bxf4 10. Qxf4 e5 11. Qf5 $11) 10. Bxd6 $11 10... Qxd6 11. exd5
Nxd5 (11... cxd5 12. d4 $11) 12. Nxd5 (12. Ne4 12... Qc7 $14) 12... cxd5 13. d4
O-O 14. Rfe1 Rac8 15. c3 Nb6 16. Bd3 Rc7 17. Qh5 g6 18. Qe5 Qxe5 19. Rxe5 a5
20. Re2 Nc4 21. Bxc4 (21. g3 21... a4 $14) 21... Rxc4 $11 22. Kf1 Rfc8 23. Ke1
Kf8 24. a4 Ke7 25. Kd2 Kd6 26. Re3 Rb8 27. Rf3 Rc7 28. Ra3 Ke7 29. Ke3 (29. Re3
$5 $11) 29... b5 $15 30. axb5 Rxb5 31. b4 (31. Kd3 $5 $17) 31... axb4 $19 32.
cxb4 Rxb4 33. Ra8 (33. Kd3 33... Rcb7 $19) 33... Rc3+ (33... Rc3+ 34. Kf4 Rxd4+
35. Kg3 Rxf3+ 36. Kxf3 36... h5 $19) 0-1

[Event "Bad Woerishofen op"]
[Site "Bad Woerishofen"]
[Date "2001.??.??"]
[Round "7"]
[White "Schaffarth, Marianne"]
[Black "Fries, Elisabeth"]
[Result "1/2-1/2"]
[WhiteElo "1789"]
[BlackElo "1464"]
[Annotator "ChessOrg"]
[PlyCount "43"]
[EventDate "1998.03.05"]
[Source "ChessBase"]
[SourceDate "1998.04.29"]

1. e4 {C22: Mittelgambit} 1... e5 2. d4 exd4 3. Qxd4 Nc6 4. Qe3 4... Bb4+ {
letzter Buchzug} 5. Bd2 Qe7 6. Nc3 Nf6 7. Bd3 O-O 8. O-O-O Bc5 9. Qe1 d6 10. f3
Nb4 11. Bc4 Be6 12. Bxe6 Qxe6 13. Kb1 Rfe8 14. Nge2 Qd7 15. Nf4 Bd4 (15... Qc6
16. a3 Na6 17. Ncd5 $14) 16. Nfe2 (16. Nce2 16... Nc6 $14) 16... Bc5 17. Nf4 (
17. Qg3 17... Qe6 $14) 17... Re5 18. Nd3 (18. Qg3 18... Rae8 $14) 18... Nxd3
$11 19. cxd3 Bd4 (19... d5 20. Qh4 $11) 20. Be3 (20. Ne2 $5 20... c5 21. Bf4
$14) 20... Bxe3 21. Qxe3 d5 22. Qd4 1/2-1/2

[Event "Bad Woerishofen op"]
[Site "Bad Woerishofen"]
[Date "2001.??.??"]
[Round "9"]
[White "Schaffarth, Marianne"]
[Black "Feicht, Roland"]
[Result "1/2-1/2"]
[WhiteElo "1789"]
[BlackElo "1490"]
[Annotator "ChessOrg"]
[PlyCount "21"]
[EventDate "1998.03.05"]
[Source "ChessBase"]
[SourceDate "1998.04.29"]

1. e4 {B01: Skandinavische Verteidigung} 1... d5 2. exd5 Nf6 3. Bb5+ Bd7 4. Be2
Nxd5 5. d4 Bf5 6. Nf3 e6 7. O-O Be7 8. a3 8... c6 {letzter Buchzug} 9. c4 Nc7
10. Nc3 O-O 11. Qb3 1/2-1/2

[Event "Bad Woerishofen op"]
[Site "Bad Woerishofen"]
[Date "2001.??.??"]
[Round "2"]
[White "Schaffarth, Peter"]
[Black "Rothenhagen, Siegfried"]
[Result "1-0"]
[WhiteElo "2141"]
[BlackElo "1715"]
[Annotator "ChessOrg"]
[PlyCount "97"]
[EventDate "1998.03.05"]
[Source "ChessBase"]
[SourceDate "1998.04.29"]

1. e4 {B22: Sizilianisch (Alapin 2.c3)} 1... c5 2. c3 d5 3. exd5 Qxd5 4. d4
cxd4 5. cxd4 Nc6 6. Nf3 e6 7. Nc3 Bb4 8. Be2 {letzter Buchzug} 8... Nf6 9. O-O
Bxc3 (9... Qd6 10. Nb5 Qd8 11. Bg5 $11) 10. bxc3 O-O 11. c4 Qd6 12. Bb2 b6 13.
Qd3 Rd8 14. Rfd1 Ba6 15. Rac1 Rac8 16. Qe3 16... Na5 $2 (16... Bb7 $14 $142)
17. c5 $18 17... bxc5 18. dxc5 Qc6 19. Rxd8+ (19. Bxf6 gxf6 20. Nd4 Rxd4 21.
Rxd4 Bxe2 22. Qxe2 22... Kh8 $18) 19... Rxd8 20. Bxa6 (20. Bxf6 $5 20... gxf6
21. Ne5 $18) 20... Qxa6 $16 21. h3 (21. Bxf6 gxf6 22. Ne5 22... h5 $16) 21...
Nc6 22. Ne5 (22. Bxf6 gxf6 23. Qh6 Qxa2 24. Qxf6 24... Rd5 $14) 22... Nxe5 (
22... Nd5 23. Qe4 $11) 23. Qxe5 $14 23... Qc6 24. Qg5 Rd5 25. Qg3 Ne8 26. Qb8
26... Qd7 $4 (26... Rg5 $142 27. g3 27... Rh5 $14) 27. c6 $18 27... Rd1+ 28.
Kh2 Qd8 29. c7 Nxc7 30. Qxd8+ Rxd8 31. Rxc7 Ra8 32. Bd4 a6 33. Ra7 (33. Kg3
33... h6 $18) 33... Rxa7 34. Bxa7 Kf8 35. Kg3 Ke7 36. Bc5+ Kd7 37. Bf8 g6 38.
Bg7 Ke7 39. Bb2 f6 40. Kf4 (40. f4 $5 40... Kf7 $18) 40... e5+ 41. Ke3 Kd6 42.
f4 exf4+ 43. Kxf4 Ke6 44. Ke4 f5+ 45. Kf4 h6 46. h4 Kd5 (46... Kf7 47. h5 $18)
47. Bg7 g5+ 48. hxg5 hxg5+ 49. Kxf5 (49. Kxf5 g4 50. Be5 $18 (50. Kxg4 $143
50... Ke6 $18)) 1-0

[Event "Bad Woerishofen op"]
[Site "Bad Woerishofen"]
[Date "2001.??.??"]
[Round "4"]
[White "Schaffarth, Peter"]
[Black "Behlert, Stefan"]
[Result "1/2-1/2"]
[WhiteElo "2141"]
[BlackElo "1790"]
[Annotator "ChessOrg"]
[PlyCount "43"]
[EventDate "1998.03.05"]
[Source "ChessBase"]
[SourceDate "1998.04.29"]

1. e4 {C01: Franzoesische Verteidigung (Abtauschvariante)} 1... e6 2. d4 d5 3.
exd5 exd5 4. Nf3 Bd6 5. Bg5 Ne7 6. Bd3 O-O 7. O-O c6 8. c3 {letzter Buchzug}
8... Qc7 9. Bh4 h6 10. Bg3 Nf5 (10... Bxg3 11. fxg3 Bf5 12. Ne5 Bxd3 13. Nxd3
$11) 11. Bxd6 (11. Be5 f6 12. Bxd6 12... Nxd6 $14) 11... Nxd6 $11 12. Nbd2 Bf5
13. Qc2 Bxd3 14. Qxd3 Nd7 15. Ne5 Rae8 16. Rfe1 Re6 17. Nxd7 Rxe1+ 18. Rxe1
Qxd7 19. Re5 Re8 20. Kf1 f6 21. Rxe8+ Qxe8 22. h3 1/2-1/2

[Event "Bad Woerishofen op"]
[Site "Bad Woerishofen"]
[Date "2001.??.??"]
[Round "6"]
[White "Schaffarth, Peter"]
[Black "Lieb, Harald"]
[Result "0-1"]
[WhiteElo "2141"]
[BlackElo "2259"]
[Annotator "ChessOrg"]
[PlyCount "78"]
[EventDate "1998.03.05"]
[Source "ChessBase"]
[SourceDate "1998.04.29"]

1. e4 {C01: Franzoesische Verteidigung (Abtauschvariante)} 1... e6 2. d4 d5 3.
exd5 exd5 4. Nf3 Bd6 5. Bg5 {letzter Buchzug} 5... f6 6. Bh4 Ne7 7. Bg3 Bg4 8.
Nbd2 O-O 9. Bd3 Ng6 10. Bxg6 hxg6 11. O-O Nc6 12. c3 Bxg3 13. fxg3 Qd7 14. Qb3
Na5 15. Qb4 b6 16. Rfe1 Rfe8 17. Kf2 g5 18. Rad1 Bf5 19. h3 Bc2 20. Rc1 Bd3 21.
g4 Be4 22. b3 Nb7 23. Qa3 c5 24. Qb2 (24. Nxe4 $143 24... dxe4 (24... Rxe4 $6
25. Rcd1 $11) 25. Nd2 25... Qd5 $17) 24... Nd8 25. dxc5 bxc5 26. Rcd1 Qc6 27.
c4 Ne6 28. cxd5 (28. Nxe4 $143 28... dxe4 29. Ng1 29... Nf4 $15) 28... Bxd5 29.
Qc3 Nf4 (29... Rad8 30. Nc4 $11) 30. Nc4 (30. g3 30... Ne6 $14) 30... Rxe1 31.
Rxe1 (31. Qxe1 $2 31... Re8 32. Ne3 Nxg2 33. Nxg2 Rxe1 (33... Bxf3 $6 34. Rd6
Rxe1 35. Rxc6 Bxc6 36. Nxe1 $17) 34. Nfxe1 Bxg2 35. Nxg2 c4 36. bxc4 36... Qxc4
$19) 31... Rd8 32. Rd1 Re8 33. Rd2 Qe6 34. Qc1 $4 (34. Ne3 $142 34... Bb7 35.
Qxc5 Bxf3 36. gxf3 Qxe3+ 37. Qxe3 Nxh3+ 38. Ke2 Nf4+ 39. Kf2 Nh3+ 40. Ke2 Nf4+
41. Kf2 41... Nh3+ $11) 34... Nd3+ $3 $19 35. Rxd3 Qe2+ 36. Kg3 Qxd3 37. Nd6 (
37. Qd2 Bxc4 38. bxc4 Qxc4 39. Kf2 $19) 37... Re2 38. Qxc5 38... Rxg2+ $3 39.
Kxg2 Qxf3+ (39... Qxf3+ 40. Kh2 Qg2#) (39... Bxf3+ $6 40. Kg3 Bd5+ 41. Kf2 Qd2+
42. Kf1 Qg2+ 43. Ke1 $17) 0-1

[Event "Bad Woerishofen op"]
[Site "Bad Woerishofen"]
[Date "2001.??.??"]
[Round "8"]
[White "Schaffarth, Peter"]
[Black "Moehring, Norbert"]
[Result "1-0"]
[WhiteElo "2141"]
[BlackElo "1905"]
[Annotator "ChessOrg"]
[PlyCount "135"]
[EventDate "1998.03.05"]
[Source "ChessBase"]
[SourceDate "1998.04.29"]

1. e4 {C26: Wiener Partie} 1... e5 2. Nc3 Nf6 3. Bc4 Bb4 4. Qf3 4... c6 {
letzter Buchzug} 5. Nge2 O-O 6. O-O d5 7. exd5 Bg4 8. Qg3 Bxe2 9. Nxe2 cxd5 10.
Bb3 Ne4 (10... a5 $5 $142 11. c3 11... Bd6 $11) 11. Qxe5 $16 11... Nc6 (11...
Nf6 $5 $16) 12. Qxd5 $18 12... Nxd2 13. Bxd2 Bxd2 14. Rad1 Ba5 15. Qxd8 (15.
Qf5 Qe7 16. Nd4 Nxd4 17. Rxd4 17... Rad8 $16) 15... Raxd8 16. Nf4 Nd4 17. Rd3
Rfe8 18. Rfd1 Nxb3 19. Rxd8 Rxd8 20. Rxd8+ Bxd8 21. axb3 f5 22. Nd3 Kf7 23. Kf1
Be7 24. b4 Ke6 25. c4 b6 26. Ke2 g5 27. b5 h5 28. Ke3 Bd6 29. h3 Bc5+ (29... h4
30. f4 $16) 30. Kf3 (30. Nxc5+ $5 30... bxc5 31. Kd3 31... h4 $18) 30... Bd4
$16 31. g3 Bg7 32. Ke3 h4 33. gxh4 gxh4 34. b3 Bf8 35. Nf4+ Kf6 36. Nd5+ (36.
b4 Kf7 37. Kd4 37... Bxb4 $18) 36... Ke6 37. Nf4+ (37. Nc7+ Kd6 38. Na6 Bh6+
39. f4 39... Bg7 $18) 37... Kf6 38. Ng2 Bc5+ 39. Kf3 Kg5 40. Ke2 Bd6 41. Kd3
Be5 42. f3 Bg3 (42... Bf6 43. Ke3 $16) 43. Kd4 Kf6 44. Kd5 Ke7 45. Ne3 Kf6 46.
Ng2 $4 (46. b4 Bf2 47. Ng2 47... Kf7 $18) 46... Ke7 47. b4 Kd7 48. c5 bxc5 49.
bxc5 Kc7 50. Ne3 f4 51. Nc4 Bf2 52. Ne5 Kb7 (52... Be1 53. Nc6 $18) 53. Ng6 Bg3
(53... Kc7 $18) 54. Kd6 Bf2 55. Nxf4 (55. c6+ $142 55... Kb6 56. c7 Bc5+ 57.
Kd7 Kxb5 58. Nxf4 $18) 55... Bg3 56. Ke5 a5 57. bxa6+ Kxa6 58. Ke4 Kb5 (58...
Kb7 59. Nd3 $18) 59. Nd3 Kc6 60. f4 Kd7 61. Kd5 Kd8 62. Kd6 Kc8 63. Ke6 Kd8 (
63... Bh2 64. f5 64... Bg1 $18) 64. f5 Ke8 65. f6 Bc7 66. c6 Kf8 67. Ne5 (67.
Nc5 Kg8 68. Nd7 Kh7 69. f7 Bd6 70. Kxd6 Kg6 71. f8=Q Kh5 72. Qg8 Kh6 73. Ne5
Kh5 74. Qg6#) 67... Bd8 (67... Bxe5 68. Kxe5 Ke8 69. Ke6 Kd8 70. f7 Kc7 71. Kd5
Kb6 72. f8=Q Kc7 73. Qf4+ Kd8 74. Qf7 Kc8 75. Qd7+ Kb8 76. Qb7#) 68. Nd7+ (68.
Nd7+ Kg8 69. f7+ Kh7 70. f8=Q Ba5 71. Qf7+ Kh6 72. Kf5 Bb6 73. Qg6#) 1-0

[Event "Bad Woerishofen op"]
[Site "?"]
[Date "2001.??.??"]
[Round "1"]
[White "Schelle, Artur"]
[Black "Wiesbeck, Florian"]
[Result "1-0"]
[WhiteElo "2215"]
[BlackElo "1815"]
[Annotator "ChessOrg"]
[PlyCount "67"]
[EventDate "2000.??.??"]

1. e4 {B28: Sizilianisch (Fruehes a7-a6)} 1... c5 2. Nf3 e6 3. c3 d5 4. e5 a6
5. d4 Nc6 6. a3 {letzter Buchzug} 6... Qb6 7. b4 cxd4 8. cxd4 Nge7 9. Nc3 Nf5
10. Na4 Qa7 11. Bb2 b6 12. Bd3 Nfe7 13. h4 (13. Rc1 13... Bb7 $14) 13... Bd7 (
13... Bb7 14. Nc3 $11) 14. h5 h6 15. Nh4 Nc8 16. f4 Be7 17. Nf3 Qb7 18. g4 N8a7
19. Rc1 Nd8 20. g5 Nb5 21. g6 (21. Qb3 21... Nc6 $11) 21... O-O 22. gxf7+ Rxf7
23. Nh4 Bxh4+ (23... Nc6 24. Bc2 Ncxd4 25. Bxd4 Rxf4 26. Ng6 Rxd4 27. Nxe7+ Kf7
28. Qf3+ Kxe7 29. Rg1 $11) 24. Rxh4 $11 24... Be8 25. Qg4 (25. Nc3 $11) 25...
Bd7 (25... a5 $5 $142 26. Bxb5 26... Bxb5 $11) 26. Qg6 $14 26... Nxd4 27. Bxd4
Bxa4 28. Rg4 Kf8 29. Qh7 Rc8 30. Rxc8 Qxc8 31. Kd2 Ke7 (31... Bb5 32. Qh8+ Ke7
33. Bxb5 axb5 34. Bxb6 Qb8 35. Bc5+ Kd7 36. Rxg7 36... Qc7 $18) 32. Rxg7 $18
32... Rxg7 (32... Be8 $18) 33. Qxg7+ Nf7 34. Bxb6 (34. Bxb6 Qh8 35. Bc5+ Ke8
36. Qg6 $18) 1-0

[Event "Bad Woerishofen op"]
[Site "Bad Woerishofen"]
[Date "2001.??.??"]
[Round "3"]
[White "Schelle, Artur"]
[Black "Grosser, Walter"]
[Result "1-0"]
[WhiteElo "2215"]
[BlackElo "2098"]
[Annotator "ChessOrg"]
[PlyCount "81"]
[EventDate "1998.03.05"]
[Source "ChessBase"]
[SourceDate "1998.04.29"]

1. e4 {B30: Sizilianisch (Rossolimo-Variante)} 1... c5 2. Nf3 Nc6 3. Bb5 a6 4.
Bxc6 dxc6 5. d3 5... Bg4 {letzter Buchzug} 6. Be3 e6 7. Nbd2 Nf6 8. a4 b5 9.
O-O Be7 10. h3 Bh5 11. g4 Nxg4 12. hxg4 Bxg4 13. Qe1 (13. axb5 cxb5 14. d4 cxd4
15. Bxd4 15... Bd6 $14) 13... O-O (13... Bh3 $5 $15 $142) 14. Kh1 f5 15. Nh2
Bh3 16. f4 (16. Rg1 f4 17. Ndf3 fxe3 18. Qxe3 $16) 16... Bxf1 $17 17. Qxf1 Rf6
(17... e5 18. Qg2 $17) 18. Qf3 Rh6 19. e5 (19. Nb3 Bd6 20. e5 20... c4 $14)
19... Qe8 (19... Qd5 $5 $17) 20. Nb3 $11 20... c4 21. dxc4 Rb8 (21... bxc4 22.
Na5 $11) 22. axb5 $14 22... cxb5 (22... axb5 23. cxb5 cxb5 24. Ra7 $14) 23. c5
(23. Rxa6 bxc4 24. Nd4 Rxb2 25. Rxe6 Rb1+ 26. Kg2 Rg6+ 27. Rxg6 Qxg6+ 28. Qg3
Qxg3+ 29. Kxg3 29... g6 $14) 23... Qc8 24. c6 Bd8 25. Bc5 Bc7 (25... g5 26.
fxg5 Rg6 27. Rd1 $14) 26. Bd6 (26. Rd1 26... Bd8 $16) 26... Rb6 27. Rd1 Bd8 28.
Na5 (28. Bc5 28... Rb8 $16) 28... b4 29. b3 Rb5 30. Nc4 a5 31. Rd2 Rg6 32. Nf1
Rh6+ 33. Kg1 Rg6+ 34. Kf2 Rg4 35. Nfe3 Rh4 36. Ke1 g5 (36... Rh6 $18 $142) 37.
c7 Bxc7 38. Qc6 (38. fxg5 $6 38... Bd8 $16) 38... Rb7 39. Be7 (39. fxg5 Ra7 40.
Nb6 Qb8 41. Bxc7 Rxc7 42. Qxe6+ 42... Rf7 $18) 39... Rxf4 (39... h6 40. Nxf5 $1
40... Rh1+ 41. Qxh1 Bxe5 42. Nxh6+ Kg7 43. Ng4 $18) 40. Nd6 (40. Rd8+ $1 $142
40... Qxd8 41. Qxe6+ Kg7 42. Qf6+ Kg8 43. Qxg5+ Kf7 44. Bxd8 Bb8 45. Qxf4 45...
Kg8 $18) 40... Qa8 (40... Rb6 41. Qg2 Bxd6 42. Qxg5+ Kf7 43. Qf6+ Ke8 44. Bxd6
Kd7 45. Bxb4+ Kc6 46. Bxa5 Rxb3 47. cxb3 47... Qg8 $18) 41. Nxb7 (41. Nxb7 Bd6
42. exd6 $18) 1-0

[Event "Bad Woerishofen op"]
[Site "Bad Woerishofen"]
[Date "2001.??.??"]
[Round "5"]
[White "Schelle, Artur"]
[Black "Sailer, Wolfgang"]
[Result "0-1"]
[WhiteElo "2215"]
[BlackElo "2123"]
[Annotator "ChessOrg"]
[PlyCount "92"]
[EventDate "1998.03.05"]
[Source "ChessBase"]
[SourceDate "1998.04.29"]

1. e4 {B01: Skandinavische Verteidigung} 1... d5 2. exd5 Qxd5 3. Nc3 Qa5 4. Bc4
Nf6 5. d3 {letzter Buchzug} 5... c6 6. Bd2 Bf5 (6... Qb6 7. Bb3 $11) 7. Nd5 $14
7... Qd8 8. Nxf6+ gxf6 9. Ne2 e6 10. Ng3 Bg6 11. Bc3 Nd7 12. f4 Qb6 13. Qf3
O-O-O 14. a4 (14. O-O-O 14... Rg8 $11) 14... a5 (14... Bb4 15. a5 Bxc3+ 16.
bxc3 $11) 15. Ne4 (15. O-O-O Bh6 16. Kb1 16... Bf8 $14) 15... Be7 (15... Bb4 $5
$15) 16. Nd2 h5 17. Ba2 Bb4 18. Nc4 Qd4 19. Bxb4 axb4 20. Qe3 (20. a5 20... Nc5
$11) 20... Nc5 $15 21. O-O b3 22. Qxd4 Rxd4 23. Bxb3 Nxb3 24. cxb3 Bxd3 25.
Rad1 Rhd8 26. Rf3 Bxc4 27. Rxd4 Rxd4 28. bxc4 Rxc4 29. b3 Rc5 30. Kf2 Kc7 31.
Rd3 Rd5 32. Rh3 Kd6 33. Rc3 Rd2+ 34. Kf3 Kd5 35. h4 f5 36. g3 f6 37. Ke3 Rd1 (
37... Rb2 38. Kf3 $19) 38. Ke2 $17 38... Rb1 39. Rf3 (39. Rd3+ $5 $142 39...
Kc5 40. Re3 $17) 39... Rb2+ $19 40. Kd1 Ke4 41. Rc3 Kd4 42. Rf3 42... Ke4 $4 (
42... Ra2 $5 43. Ke1 $19) 43. Rc3 $17 43... e5 44. a5 (44. fxe5 $5 $142 44...
fxe5 45. Ke1 $17) 44... Kd4 $19 45. Rc4+ Kd3 46. Kc1 Rxb3 (46... Rxb3 47. Ra4
47... e4 $19) 0-1

[Event "Bad Woerishofen op"]
[Site "Bad Woerishofen"]
[Date "2001.??.??"]
[Round "7"]
[White "Schelle, Artur"]
[Black "Rolle, Eric"]
[Result "1/2-1/2"]
[WhiteElo "2213"]
[BlackElo "2113"]
[Annotator "ChessOrg"]
[PlyCount "94"]
[EventDate "1998.03.05"]
[Source "ChessBase"]
[SourceDate "1998.04.29"]

1. e4 {B07: Pirc-Ufimzew-Verteidigung} 1... d6 2. d4 Nf6 3. Bd3 g6 4. Nf3 Bg7
5. O-O O-O 6. Re1 Nc6 7. c3 e5 8. Nbd2 Nh5 9. Nb3 9... a5 {letzter Buchzug} 10.
a4 (10. Bg5 f6 11. Be3 11... Ne7 $14) 10... Bg4 11. Be2 Nf6 12. h3 Bxf3 13.
Bxf3 (13. gxf3 $143 13... exd4 14. cxd4 14... d5 $15) 13... Qe7 14. Bg5 h6 15.
Bh4 Qd7 16. Qd2 Kh7 17. g4 Ng8 18. Be2 h5 19. f3 (19. gxh5 $6 19... Qxh3 20.
hxg6+ 20... fxg6 $11) 19... Bh6 20. Bg5 Bxg5 21. Qxg5 Qe7 22. Qxe7 Ngxe7 23. d5
Nd8 24. Bb5 g5 25. Bd7 h4 26. Nd2 b6 27. b4 Nb7 28. Nc4 Ra7 (28... Kg6 29. Kf2
$11) 29. Na3 $14 29... Nd8 30. Nb5 Rb7 31. Reb1 Ng6 32. Bc8 Rb8 33. Bf5 Rb7 34.
Rb2 Kg7 35. bxa5 bxa5 36. Rd1 (36. Bxg6 $5 36... fxg6 37. Kf2 $11) 36... Nf4
$11 37. Kh2 f6 (37... Nde6 38. Bxe6 fxe6 39. c4 $15) 38. c4 (38. Rdd2 38... Nf7
$11) 38... Nf7 $11 39. Rc2 Rfb8 40. Bd7 Kf8 41. Bc6 Rb6 42. Nxc7 Rb2 43. Rdd2
Rxc2 44. Rxc2 Rb3 45. Rf2 Ke7 46. Na6 Nd8 47. c5 dxc5 1/2-1/2